[Event "Elite Hotels Open 2015"]
[Site "Elite Stadshotellet, Vaxjo"]
[Date "2015.02.13"]
[Round "3.1"]
[White "Lindgren, Philip"]
[Black "Meier, Georg"]
[Result "1/2-1/2"]
[WhiteElo "2340"]
[BlackElo "2641"]

1.d4 Nf6 2.c4 e6 3.Nf3 d5 4.g3 Bb4+ 5.Bd2 Bd6 6.Bg2 c6 7.Qc2 Nbd7 8.O-O 
O-O 9.Rd1 Qe7 10.Bg5 h6 11.Bxf6 Nxf6 12.Nbd2 c5 13.e4 dxe4 14.Nxe4 Nxe4 
15.Qxe4 a5 16.Ne5 a4 17.Rd2 cxd4 18.Qxd4 Bb4 19.Rd3 Ra6 20.Rad1 Rd6 21.Qa7
Ra6 22.Qe3 Rd6 23.Qa7 Ra6 24.Qe3 Bc5 25.Qe2 Rd6 26.Qc2 a3 27.bxa3 Bxa3 28.
c5 Ra6 29.c6 bxc6 30.Nxc6 Qg5 31.Rd8 Bb7 32.h4 Qb5 33.Nb8 Rb6 34.Qc7 Bxg2 
35.Nd7 Rxd8 36.Qxd8+ Kh7 37.Qxb6 Qe2 38.Qb1+ Be4 39.Re1 Bxb1 40.Rxe2 Bd6 
41.Ne5 Bxe5 42.Rxe5 Bxa2 43.f3 f6 44.Ra5 Bd5 45.Kf2 h5 46.Ke3 g5 47.hxg5 
fxg5 48.f4 Kg6 49.fxg5 Kxg5 50.Ra4 Kf5 51.Rb4 Kg5 52.Kf2 Kf5 53.Rf4+ Kg5 
54.Rf8 Kg4 55.Rg8+ Kf5 56.Ke3 Bb3 57.Kf2 Bd1 58.Rb8 Bc2 59.Rb5+ Kg4 60.
Rb4+ Kg5 61.Kg2 Bd1 62.Rf4 Bg4 63.Rf8 Kg6 64.Kf2 Kg5 65.Ke3 Bf5 66.Rg8+ 
Kf6 67.Kf4 e5+ 68.Ke3 Bg6 69.Rb8 Bf5 70.Rb5 Bg6 71.Ra5 Bf5 72.Kf3 Bg6 73.
Kg2 Bf5 74.Rc5 Be6 75.Rc6 Kf5 76.Kf2 Bd5 77.Rh6 Kg5 78.Rh8 Be4 79.Ke3 Bd5 
80.Rh7 Bg2 81.Ra7 Bh1 82.Ra5 Kf5 83.Kf2 Be4 84.Ra7 Bd5 85.Ke3 Bg2 86.Rg7 
Bd5 87.Kf2 Be4 88.Rf7+ Kg5 89.Re7 Kf5 90.Re8 Bd5 91.Rh8 Kg5 92.Rb8 Kf5 93.
Rf8+ Kg5 94.Rb8 Kf5 95.Rf8+ Kg5 1/2-1/2

[Event "Elite Hotels Open 2015"]
[Site "Elite Stadshotellet, Vaxjo"]
[Date "2015.02.13"]
[Round "3.2"]
[White "Solodovnichenko, Yuri"]
[Black "Rydstrom, Tom"]
[Result "1-0"]
[WhiteElo "2577"]
[BlackElo "2314"]

1.e4 e5 2.Nf3 Nc6 3.Bb5 a6 4.Ba4 Nf6 5.O-O Be7 6.Re1 b5 7.Bb3 d6 8.c3 O-O 
9.h3 Na5 10.Bc2 c5 11.d4 cxd4 12.cxd4 Qc7 13.Nbd2 Bd7 14.Nf1 Nc6 15.Ne3 
Rac8 16.Bb3 Na5 17.Bc2 Rfe8 18.d5 Nc4 19.Bd3 g6 20.Nxc4 bxc4 21.Bf1 Nh5 
22.Bh6 Bf8 23.Bd2 Qb6 24.Bc3 Nf4 25.Nd2 f5 26.Nxc4 Qd8 27.g3 Nxh3+ 28.Bxh3
Rxc4 29.exf5 gxf5 30.Qd3 Re4 31.Bxf5 Bxf5 32.Rxe4 Bg7 33.Rae1 Rf8 34.Qxa6 
Bxe4 35.Rxe4 Qf6 36.Qe2 Qf7 37.Qd2 Qf5 38.Re1 Qh3 39.Qe2 Rf5 40.Qe4 Rh5 
41.a4 Qh2+ 42.Kf1 Qh3+ 43.Ke2 Qd7 44.Qc4 Rf5 45.a5 Qf7 46.Rf1 Qh5+ 1-0

[Event "Elite Hotels Open 2015"]
[Site "Elite Stadshotellet, Vaxjo"]
[Date "2015.02.13"]
[Round "3.3"]
[White "Ziegler, Ari"]
[Black "Hillarp Persson, Tiger"]
[Result "0-1"]
[WhiteElo "2327"]
[BlackElo "2552"]

1.e4 g6 2.d4 Bg7 3.Nc3 d6 4.f3 a6 5.Be3 b5 6.h4 h5 7.Nh3 Bxh3 8.Rxh3 c6 9.
Qd2 Nd7 10.a4 Ngf6 11.Be2 O-O 12.Nd1 Qc7 13.Nf2 e5 14.g4 hxg4 15.fxg4 exd4
16.Bxd4 c5 17.Bxf6 Nxf6 18.h5 Rfe8 19.hxg6 fxg6 20.O-O-O Qf7 21.Kb1 bxa4 
22.Qxd6 Rab8 23.e5 Nh7 24.Qxc5 Rxe5 25.Qc4 Rxe2 26.Qxe2 Rxb2+ 27.Kc1 Rb8 
28.Nd3 a3 29.Kd2 a2 30.Qh2 Rb1 0-1

[Event "Elite Hotels Open 2015"]
[Site "Elite Stadshotellet, Vaxjo"]
[Date "2015.02.13"]
[Round "3.4"]
[White "Berg, Emanuel"]
[Black "Lind, Jan-Olov"]
[Result "1-0"]
[WhiteElo "2543"]
[BlackElo "2238"]

1.e4 c5 2.d4 cxd4 3.c3 g6 4.cxd4 Bg7 5.Nc3 d6 6.Be3 Nf6 7.f3 O-O 8.Qd2 Nc6
9.Nge2 e5 10.d5 Ne7 11.g4 Ne8 12.h4 f5 13.g5 Bd7 14.a4 Nc7 15.b4 a5 16.b5 
Ne8 17.Nc1 b6 18.Nd3 Rc8 19.Nb2 Rb8 20.Be2 f4 21.Bf2 Nc8 22.O-O-O Rf7 23.
Kb1 Bf8 24.Rc1 Ng7 25.Bc4 Nh5 26.Rc2 Kh8 27.Bb3 Be7 28.Nd3 Rf8 29.Ne2 Rb7 
30.Rhc1 Ra7 31.Qc3 Ng7 32.Qb2 Rb7 33.Be1 Re8 34.Rc4 Na7 35.Bc3 Bh3 36.
Nexf4 Bxg5 37.hxg5 exf4 38.Nxf4 Bc8 39.Bf6 Qd7 40.Ne6 Rxe6 41.dxe6 Qe8 42.
Rc7 1-0

[Event "Elite Hotels Open 2015"]
[Site "Elite Stadshotellet, Vaxjo"]
[Date "2015.02.13"]
[Round "3.5"]
[White "Vaarala, Eric"]
[Black "Blomqvist, Erik"]
[Result "0-1"]
[WhiteElo "2304"]
[BlackElo "2521"]

1.d4 d5 2.c4 c6 3.cxd5 cxd5 4.Nc3 Nf6 5.Bf4 Nc6 6.e3 Bg4 7.f3 Bd7 8.Bd3 e6
9.Nge2 Nh5 10.Bg3 Nxg3 11.hxg3 g6 12.Rc1 Rc8 13.a3 Bg7 14.b4 O-O 15.f4 Qe7
16.Na4 Nxb4 17.axb4 Rxc1 18.Qxc1 Bxa4 19.Qc5 Qxc5 20.bxc5 b6 21.Kd2 bxc5 
22.Ra1 Bc6 23.Ra6 Rc8 24.dxc5 Bf8 25.Nd4 Be8 26.c6 Bc5 27.Bb5 Kf8 28.Kd3 
Ke7 29.g4 h6 30.Ra2 Rc7 31.e4 dxe4+ 32.Kxe4 Bb6 33.Ra4 Kd6 34.Rc4 Bxd4 35.
Rxd4+ Kc5 36.Rd7 Rc8 37.Rb7 a5 38.Ke5 Bxc6 39.Bxc6 Rxc6 40.Rxf7 Ra6 41.Rg7
a4 42.Rxg6 a3 43.Rxh6 a2 44.Rh1 a1=Q+ 45.Rxa1 Rxa1 46.Kxe6 Kd4 47.Kf5 Ra5+
48.Kg6 Ke4 49.g3 Ra6+ 50.Kg5 Ra3 51.f5 Ke5 52.Kg6 Rf3 53.g5 Rxf5 54.Kh6 
Rf2 55.g4 Rg2 56.Kh5 Ke6 57.g6 Kf6 0-1

[Event "Elite Hotels Open 2015"]
[Site "Elite Stadshotellet, Vaxjo"]
[Date "2015.02.13"]
[Round "3.6"]
[White "Smith, Axel"]
[Black "Olofsson-Dolk, Mattis"]
[Result "1/2-1/2"]
[WhiteElo "2488"]
[BlackElo "2228"]

1.d4 Nf6 2.c4 g6 3.Nc3 d5 4.Nf3 Bg7 5.cxd5 Nxd5 6.Bg5 c5 7.Rc1 Nxc3 8.bxc3
O-O 9.e3 Nc6 10.Be2 Bf5 11.O-O Rc8 12.Qa4 h6 13.Bh4 Re8 14.Rfd1 a6 15.Qa3 
Qa5 16.Qb2 cxd4 17.cxd4 Qb4 18.Qxb4 Nxb4 19.a3 Nd5 20.Bc4 Nb6 21.Bb3 g5 
22.Bg3 Bg4 23.h3 Bxf3 24.gxf3 e6 25.Kf1 Bf8 26.a4 Rxc1 27.Rxc1 Rc8 28.Rb1 
Nd7 29.a5 Rc6 30.Ba4 b5 31.axb6 Rxb6 32.Rc1 Nf6 33.Be5 Kg7 34.e4 Kg6 35.
Rc7 Rb4 36.Bc6 Rc4 37.d5 exd5 38.exd5 Rc5 39.Bb7 Rxc7 40.Bxc7 Ne8 41.Bb6 
Bd6 42.Bxa6 Nf6 43.Bd3+ Kh5 44.Bc4 Nd7 45.Bd4 Ne5 46.Be2 Kh4 47.Kg2 Ng6 
48.Be3 Nf4+ 49.Bxf4 gxf4 50.Bb5 f6 51.Bd7 Kg5 52.Kf1 f5 53.Ke2 Bc5 54.Bc8 
Kf6 55.Kd3 Ke5 56.Kc4 Bxf2 57.Be6 Bh4 58.Kb5 Be7 59.Kc6 Bd6 60.Bxf5 Ba3 
61.Be6 Bb4 62.Kd7 Ba3 63.Ke8 Kf6 64.Bg4 Bb4 65.Kd7 Ke5 66.Be6 Ba3 67.Kd8 
Bb4 68.Ke8 Kf6 69.Kd7 Ke5 70.Kc6 Ba3 71.Kb5 Bd6 72.Kc4 Be7 73.Kd3 h5 74.
Kc4 h4 75.Kb5 Ba3 76.Kc6 Bb4 77.Bg4 Ba3 78.Bc8 Bb4 79.Bb7 Ba3 80.Ba8 Bb4 
81.Kd7 Ba3 82.Kc8 Bb4 83.Kb8 1/2-1/2

[Event "Elite Hotels Open 2015"]
[Site "Elite Stadshotellet, Vaxjo"]
[Date "2015.02.13"]
[Round "3.7"]
[White "Dragicevic, Drazen"]
[Black "Semcesen, Daniel"]
[Result "1-0"]
[WhiteElo "2248"]
[BlackElo "2466"]

1.Nf3 f5 2.c4 Nf6 3.g3 g6 4.Bg2 Bg7 5.O-O O-O 6.Nc3 d6 7.Rb1 e5 8.d3 a5 9.
a3 Nc6 10.b4 axb4 11.axb4 h6 12.Nd2 Rb8 13.Qa4 Bd7 14.b5 Ne7 15.Nd5 Nexd5 
16.cxd5 g5 17.Qb4 b6 18.Bb2 Qe8 19.Rfc1 Rc8 20.Ba1 Kh8 21.e4 f4 22.d4 fxg3
23.hxg3 Qh5 24.Nf1 exd4 25.Bxd4 Ng4 26.Rc2 Rf7 27.Bxg7+ Rxg7 28.Rbc1 Be8 
29.Bf3 Qh3 30.Bxg4 Qxg4 31.Ne3 Qd7 32.Nf5 Rg6 33.Rc6 Qd8 34.Qc3+ Qf6 35.
Qxf6+ Rxf6 36.Rxd6 Rf8 37.Rxh6+ Kg8 38.Ne7+ Kg7 39.Nxc8 Kxh6 40.Rxc7 Bxb5 
41.Nxb6 Bd3 42.Re7 Rb8 43.Re6+ Kg7 44.f3 Rf8 45.Kf2 g4 46.f4 Rh8 47.Ke3 
Bb5 48.f5 Rh2 49.Kf4 Be2 50.d6 Kf7 51.d7 Rh8 52.Re8 Rxe8 53.dxe8=Q+ Kxe8 
54.Nd5 Kf7 55.Ne3 1-0

[Event "Elite Hotels Open 2015"]
[Site "Elite Stadshotellet, Vaxjo"]
[Date "2015.02.13"]
[Round "3.8"]
[White "Westerberg, Jonathan"]
[Black "Agrest, Inna"]
[Result "1-0"]
[WhiteElo "2430"]
[BlackElo "2174"]

1.e4 e5 2.Nf3 Nc6 3.Bc4 Nf6 4.d4 exd4 5.e5 d5 6.Bb5 Ne4 7.Nxd4 Bc5 8.Be3 
Bd7 9.Bxc6 bxc6 10.Nd2 Nxd2 11.Qxd2 Qe7 12.Nb3 Bb6 13.Qc3 O-O 14.O-O Rae8 
15.Bc5 Bxc5 16.Nxc5 Bf5 17.Rfe1 Qg5 18.Re2 Re7 19.Qd4 h5 20.f4 Qg4 21.Rae1
g5 22.Rf2 f6 23.e6 Rg7 24.e7 Re8 25.h3 Qh4 26.Qxf6 Bxh3 27.fxg5 Qxg5 28.
Qxg5 Rxg5 29.Re6 Rg7 30.Rxc6 Rexe7 31.Rcf6 Bg4 32.Kh2 Re1 33.Nd3 Ree7 34.
Nf4 Rd7 35.Ng6 c5 1-0

[Event "Elite Hotels Open 2015"]
[Site "Elite Stadshotellet, Vaxjo"]
[Date "2015.02.13"]
[Round "3.9"]
[White "Nilsson, Patrik 1978"]
[Black "Sjodahl, Pontus"]
[Result "0-1"]
[WhiteElo "2177"]
[BlackElo "2428"]

1.e4 e6 2.d4 d5 3.e5 c5 4.c3 Qb6 5.Nf3 Bd7 6.Bd3 Bb5 7.O-O Bxd3 8.Qxd3 Qa6
9.Qd1 Nd7 10.Be3 Rc8 11.Ng5 h6 12.Nf3 Ne7 13.a3 Nf5 14.g4 Ne7 15.b4 cxb4 
16.cxb4 Nb6 17.Nbd2 h5 18.gxh5 Qd3 19.Qb1 Qxb1 20.Raxb1 Rxh5 21.Rfc1 f6 
22.Rxc8+ Nbxc8 23.Nb3 b6 24.Rc1 Kd7 25.b5 Ng6 26.exf6 gxf6 27.a4 Bd6 28.a5
Bc7 29.Rb1 e5 30.a6 e4 31.Ne1 Bxh2+ 32.Kf1 Bd6 33.Ke2 f5 34.Nc2 f4 35.Rg1 
Nce7 36.Bd2 Rh2 37.Ke1 Nh4 38.Rg7 Rh1+ 39.Ke2 f3+ 40.Ke3 Nf5# 0-1

[Event "Elite Hotels Open 2015"]
[Site "Elite Stadshotellet, Vaxjo"]
[Date "2015.02.13"]
[Round "3.10"]
[White "Johansson, Linus"]
[Black "Johansson, Carl Fredrik"]
[Result "1/2-1/2"]
[WhiteElo "2394"]
[BlackElo "2160"]

1.d4 Nf6 2.c4 g6 3.Nf3 Bg7 4.g3 O-O 5.Bg2 d6 6.O-O Nbd7 7.Nc3 e5 8.e4 a6 
9.h3 b5 10.cxb5 axb5 11.dxe5 dxe5 12.Re1 c6 13.Qd6 Qb6 14.Be3 Qb7 15.b3 
Re8 16.a4 Bf8 17.Qd3 Nc5 18.Bxc5 Bxc5 19.axb5 Rxa1 20.Rxa1 cxb5 21.Ne1 Bd4
22.Ra2 Rd8 23.Nd5 Nxd5 24.exd5 Qb6 25.b4 Bf5 26.Qe2 Rc8 27.Nf3 Bc3 28.Kh2 
Bxb4 29.Qxe5 Bc5 30.h4 b4 31.h5 b3 32.Rd2 Bf8 33.Qd4 Qxd4 34.Nxd4 Bc2 35.
Nxb3 Bxb3 36.d6 Rd8 37.d7 gxh5 38.Bh3 Be6 39.Bxe6 fxe6 40.Kh3 Be7 41.Re2 
Kf7 42.Re5 h4 43.gxh4 Rxd7 44.Rh5 Rd3+ 45.Kg2 Kg6 46.Re5 Bxh4 47.Rxe6+ Bf6
48.Re4 h5 49.Rf4 Kg5 50.Rf3 Rd2 51.Rg3+ Kf5 52.Rf3+ Kg6 53.Rg3+ Bg5 54.Rf3
h4 55.Kh3 Kh5 56.Rf8 Rd3+ 57.f3 Rd5 58.Rf7 Kg6 59.Rf8 Be7 60.Rf4 Rd1 61.
Re4 Bf6 62.Rf4 Re1 63.Re4 Ra1 64.Rf4 Ra3 65.Kg4 Ra5 66.Kh3 Bg5 67.Rf8 Ra4 
68.Rc8 Rf4 69.Rc3 Kf6 70.Ra3 Rc4 71.Ra5 Kg6 72.Rb5 Bf6 73.Rd5 Kf7 74.Ra5 
Ke6 75.Rb5 Be5 76.Rb7 Kf5 77.Rh7 Bf6 78.Rh6 Kg5 79.Rh7 Rc3 80.Kg2 Kf4 81.
Rf7 Rc2+ 82.Kh3 Rc6 83.Kg2 Ke3 84.Rf8 Bg5 85.Rf5 Bf4 86.Kh3 Kxf3 87.Kxh4 
Rh6+ 88.Rh5 Rg6 89.Ra5 Be3 90.Rb5 Rg8 91.Kh5 Ke4 92.Rb4+ Kf5 93.Rb5+ Kf4 
94.Rb4+ Kf3 95.Rb5 Bf4 96.Rb4 Rg1 97.Rb3+ Ke4 98.Kh4 Kf5 99.Kh3 Be5 100.
Rf3+ Ke4 101.Ra3 Kf5 102.Rf3+ Bf4 103.Ra3 Rg8 104.Rb3 Be5 105.Ra3 Bd4 106.
Ra4 Be3 107.Rb4 Bf4 108.Rb5+ Ke4 109.Kh4 Kf3 110.Kh5 Ke4 111.Kh4 Be5 112.
Kh3 Bd4 113.Rb4 Ke3 114.Kh4 Be5 115.Kh5 Kf3 116.Ra4 Bf4 117.Ra5 Ke4 118.
Kh4 Rh8+ 119.Kg4 Rg8+ 120.Kh4 Kf3 121.Kh5 Be3 122.Rf5+ Ke4 123.Ra5 Bf4 
124.Kh4 Rh8+ 125.Kg4 Rg8+ 126.Kh4 Kf3 127.Kh5 Rg1 128.Rb5 Be3 129.Rf5+ Bf4
130.Rb5 Rg2 131.Ra5 Rg8 132.Rb5 Be3 133.Rf5+ Ke4 134.Ra5 Bd4 135.Ra4 Ke5 
136.Kh4 Be3 137.Rg4 Rxg4+ 138.Kxg4 1/2-1/2

[Event "Elite Hotels Open 2015"]
[Site "Elite Stadshotellet, Vaxjo"]
[Date "2015.02.13"]
[Round "3.11"]
[White "Eriksson, Kristian"]
[Black "Schneider, Stefan"]
[Result "0-1"]
[WhiteElo "2153"]
[BlackElo "2387"]

1.e4 e6 2.d4 d5 3.e5 c5 4.Nf3 cxd4 5.Bd3 Nc6 6.O-O Qb6 7.Re1 Bd7 8.Nbd2 
Nge7 9.Nb3 Nb4 10.Bf1 Nf5 11.Nfxd4 Nxd4 12.Nxd4 Bc5 13.Be3 Nc6 14.Nb3 Bxe3
15.Rxe3 Ne7 16.Qg4 Nf5 17.Rh3 Qc7 18.Re1 g6 19.Bd3 h5 20.Qg5 Qd8 21.Qd2 
Qe7 22.Bxf5 gxf5 23.Qd4 b6 24.Rc3 Rc8 25.Ree3 Kf8 26.Rxc8+ Bxc8 27.Rc3 Ba6
28.a4 h4 29.h3 Rg8 30.a5 Qg5 31.g3 Bc4 32.axb6 axb6 33.Nd2 b5 34.Nf3 Qc1+ 
35.Kh2 hxg3+ 36.fxg3 Qf1 37.Nh4 Qe2+ 38.Ng2 Qe4 39.Qxe4 fxe4 40.b3 d4 41.
Rxc4 bxc4 42.bxc4 Ke7 43.h4 Rc8 44.h5 Rxc4 45.h6 Kf8 46.Nf4 Rxc2+ 47.Kh3 
d3 48.Nh5 Rc8 49.h7 Ke7 50.Nf6 Rh8 51.Nxe4 Rxh7+ 52.Kg2 Rh5 53.Kf3 Rxe5 
0-1

[Event "Elite Hotels Open 2015"]
[Site "Elite Stadshotellet, Vaxjo"]
[Date "2015.02.13"]
[Round "3.12"]
[White "Rahul Kumar, Pune"]
[Black "Hedman, Erik"]
[Result "0-1"]
[WhiteElo "2148"]
[BlackElo "2376"]

1.e4 c5 2.Nf3 e6 3.c3 d5 4.e5 d4 5.b4 cxb4 6.Nxd4 bxc3 7.dxc3 Qc7 8.Bb5+ 
Nd7 9.Qe2 a6 10.Ba4 b5 11.Bc2 Bb7 12.f4 Bc5 13.Qg4 Bxd4 14.Qxg7 Bxc3+ 15.
Nxc3 Qxc3+ 16.Bd2 Qxa1+ 17.Bd1 Qd4 18.Qxh8 O-O-O 19.Qxh7 Nxe5 20.Qc2+ Nc4 
21.Ba5 Qe3+ 22.Be2 Bxg2 23.Bxd8 Bxh1 24.Bh4 Be4 25.Qd1 Qg1+ 26.Bf1 Qxf1+ 
27.Kxf1 Ne3+ 28.Ke2 Nxd1 29.Kxd1 Kd7 30.a3 Kc6 31.Kd2 Kd5 32.Bd8 Kc4 33.
Ke3 Bg6 34.h4 Nh6 35.Kf3 Kd3 36.Bg5 Bh5+ 37.Kg3 Nf5+ 38.Kh3 Ke2 39.Kg2 
Bf3+ 40.Kh3 a5 41.Bf6 b4 42.axb4 axb4 43.Bb2 b3 44.Bf6 Kf2 45.Bb2 Ne3 46.
Bd4 b2 47.Bxb2 Bg2+ 48.Kh2 Nf1# 0-1

[Event "Elite Hotels Open 2015"]
[Site "Elite Stadshotellet, Vaxjo"]
[Date "2015.02.13"]
[Round "3.13"]
[White "Reid, Gregor J M"]
[Black "Ernst, Thomas"]
[Result "1/2-1/2"]
[WhiteElo "2133"]
[BlackElo "2369"]

1.e4 c5 2.Nc3 e6 3.f4 d5 4.Nf3 Nf6 5.Bb5+ Bd7 6.Bxd7+ Nbxd7 7.d3 Nb6 8.O-O
Be7 9.Qe1 O-O 10.Bd2 Rc8 11.Qg3 dxe4 12.dxe4 Nc4 13.Bc1 Nd6 14.Qe1 Nd7 15.
Kh1 a6 16.a4 Rb8 17.b3 Qc7 18.Bb2 Rfd8 19.Qg3 Bf8 20.f5 Re8 21.Ng5 exf5 
22.Rxf5 Qc6 23.Rd5 f6 24.Rad1 Ne5 25.Nf3 Ndf7 26.Ne2 Ng6 27.Nf4 Nxf4 28.
Qxf4 Qe6 29.e5 fxe5 30.Nxe5 Rbd8 31.Rxd8 Rxd8 32.Rxd8 Nxd8 33.h3 Bd6 34.
Qg5 Be7 35.Qg3 Bf6 36.Nc4 Bxb2 37.Nxb2 Nc6 38.Nd3 b6 39.Qc7 Nd4 40.Ne5 h6 
41.Qd8+ Kh7 42.Nd7 Qe1+ 43.Kh2 Nf3+ 44.gxf3 Qf2+ 45.Kh1 Qf1+ 46.Kh2 
1/2-1/2

[Event "Elite Hotels Open 2015"]
[Site "Elite Stadshotellet, Vaxjo"]
[Date "2015.02.13"]
[Round "3.14"]
[White "Bellon Lopez, Juan Manuel"]
[Black "Svensson, Anders 1971"]
[Result "1-0"]
[WhiteElo "2368"]
[BlackElo "2131"]

1.d4 Nf6 2.Bg5 e6 3.e4 h6 4.Bxf6 Qxf6 5.Qd2 e5 6.dxe5 Qxe5 7.Nc3 Bb4 8.
Nge2 d6 9.a3 Bxc3 10.Nxc3 O-O 11.f4 Qe7 12.O-O-O Bg4 13.Re1 Nc6 14.Nd5 Qd8
15.f5 f6 16.Nf4 Qe8 17.Bc4+ Kh7 18.Ng6 Ne5 19.Nxf8+ Qxf8 20.Be6 Bh5 21.Qc3
c6 22.h3 Bf7 23.Bxf7 Qxf7 24.Kb1 Nc4 25.Rd1 d5 26.exd5 cxd5 27.Qd4 Rd8 28.
Rhe1 Qd7 29.Re6 Qb5 30.Qc3 d4 31.Qb4 Qd5 32.Re7 Nb6 33.Qe1 Nc4 34.Qg3 Rg8 
35.Qf4 Qb5 36.Qxd4 Nxa3+ 37.Kc1 Nc4 38.Qxf6 Qa4 39.Kb1 Qb4 40.Rdd7 Na3+ 
41.Kc1 Qf4+ 42.Kd1 Qf1+ 43.Re1 Qxg2 44.Qg6+ Kh8 45.Qxg2 1-0

[Event "Elite Hotels Open 2015"]
[Site "Elite Stadshotellet, Vaxjo"]
[Date "2015.02.13"]
[Round "3.16"]
[White "Livner, Anders"]
[Black "Horbing, Stefan"]
[Result "1/2-1/2"]
[WhiteElo "2343"]
[BlackElo "2080"]

1.d4 Nf6 2.c4 g6 3.g3 Bg7 4.Bg2 d5 5.cxd5 Nxd5 6.e4 Nb6 7.Ne2 c5 8.d5 O-O 
9.O-O e6 10.Nec3 exd5 11.exd5 Bf5 12.Na3 a6 13.Be3 N8d7 14.g4 Qh4 15.gxf5 
Rfe8 16.fxg6 hxg6 17.Qf3 Be5 18.Qh3 Qb4 19.Ne4 Bxb2 20.Nc2 Qa4 21.Ng5 Nf6 
22.Rac1 Bxc1 23.Rxc1 Nc4 24.Bxc5 Ne5 25.Ne1 Rac8 26.Qa3 Qg4 27.Qg3 Qe2 28.
Bf1 Qxa2 29.d6 Qd5 30.Bg2 Qd2 31.Be3 Qxd6 32.Rxc8 Rxc8 33.Bxb7 Rc4 34.h3 
Nh5 35.Qh2 Rb4 36.Bf3 Rb1 37.Kf1 Qb4 38.Bd2 Nxf3 39.Nxf3 Qc4+ 40.Kg2 Qe4 
41.Qd6 Rb5 42.Kh2 Rd5 43.Qb8+ Kg7 44.Bc3+ Nf6 45.Qb6 Rf5 46.Kg2 Rg5+ 47.
Kh1 Rf5 48.Kg2 g5 49.Qxa6 g4 50.hxg4 Qxg4+ 51.Kf1 Rxf3 52.Nxf3 Qxf3 53.
Bxf6+ Qxf6 1/2-1/2

[Event "Elite Hotels Open 2015"]
[Site "Elite Stadshotellet, Vaxjo"]
[Date "2015.02.13"]
[Round "3.17"]
[White "Lindberg, Bengt"]
[Black "Petersson, Kjell"]
[Result "1-0"]
[WhiteElo "2385"]
[BlackElo "2148"]

1.e4 c5 2.Nf3 d6 3.d4 cxd4 4.Nxd4 Nf6 5.Nc3 g6 6.Be3 Bg7 7.f3 Nc6 8.Qd2 
O-O 9.g4 Be6 10.Nxe6 fxe6 11.O-O-O Rc8 12.Nb5 a6 13.Nd4 Nxd4 14.Bxd4 Qc7 
15.c3 b5 16.Kb1 Qb7 17.Bd3 a5 18.h4 b4 19.c4 d5 20.cxd5 exd5 21.e5 Nd7 22.
f4 Nc5 23.Bxc5 Rxc5 24.g5 Rfc8 25.h5 Qc6 26.hxg6 hxg6 27.Qh2 Kf7 28.f5 
gxf5 29.Qh5+ Kf8 1-0

[Event "Elite Hotels Open 2015"]
[Site "Elite Stadshotellet, Vaxjo"]
[Date "2015.02.13"]
[Round "3.18"]
[White "Kockum, Anton Frisk"]
[Black "Kalinin, Oleksandr"]
[Result "1-0"]
[WhiteElo "2375"]
[BlackElo "2050"]

1.d4 Nf6 2.Nf3 e6 3.c4 b6 4.g3 Ba6 5.Qc2 d5 6.cxd5 exd5 7.Bg2 Bb4+ 8.Nc3 
O-O 9.O-O Bxc3 10.bxc3 Re8 11.Re1 Nc6 12.Nh4 Ne7 13.Bg5 Qd6 14.Bxf6 Qxf6 
15.e4 g5 16.e5 Qe6 17.Nf3 h6 18.h4 g4 19.Nh2 c5 20.Qd1 Bc8 21.c4 Rd8 22.
dxc5 bxc5 23.cxd5 Nxd5 24.Rc1 h5 25.Rxc5 Bb7 26.Qc1 Rab8 27.Be4 Ne7 28.
Qg5+ Ng6 29.Bxb7 Rxb7 30.Qxd8+ 1-0

[Event "Elite Hotels Open 2015"]
[Site "Elite Stadshotellet, Vaxjo"]
[Date "2015.02.13"]
[Round "3.19"]
[White "Emmoth, Alfons"]
[Black "Lissang, Christopher"]
[Result "0-1"]
[WhiteElo "1714"]
[BlackElo "2280"]

1.d4 Nf6 2.c4 e6 3.Nf3 Bb4+ 4.Bd2 c5 5.Bxb4 cxb4 6.g3 Nc6 7.Bg2 O-O 8.O-O 
d6 9.Nbd2 e5 10.d5 Nb8 11.Qc2 a5 12.h3 Na6 13.Ne1 Nc5 14.e4 Qe7 15.a3 bxa3
16.Rxa3 a4 17.Nd3 Nfd7 18.Nxc5 Nxc5 19.Rfa1 Bd7 20.Qc3 Rfc8 21.Qe3 Qd8 22.
f4 Qb6 23.fxe5 dxe5 24.b3 Ra6 25.bxa4 Bxa4 26.Kh2 Qd6 27.Rb1 Rca8 28.h4 
Bd7 29.Rxa6 bxa6 30.Qa3 f5 31.exf5 Bxf5 32.Ra1 Rb8 33.Bh3 Bxh3 34.Kxh3 Rf8
35.Rf1 Re8 36.Qf3 Qd7+ 37.Qf5 Qxf5+ 38.Rxf5 e4 39.d6 Nd7 40.c5 e3 41.Nf3 
Rc8 42.Nd4 Rxc5 43.Rxc5 Nxc5 44.Kg2 a5 45.Kf3 Kf7 46.Kxe3 a4 47.Kd2 Kf6 
48.Kc3 Ne4+ 49.Kb4 Nxd6 50.Kxa4 Nf5 51.Ne2 Ke5 52.Kb3 Nd4+ 53.Nxd4 Kxd4 
54.Kc2 Ke3 55.Kd1 Kf3 56.h5 Kxg3 57.h6 g5 58.Ke1 Kh4 59.Kf2 Kh5 60.Kg3 
Kxh6 0-1

[Event "Elite Hotels Open 2015"]
[Site "Elite Stadshotellet, Vaxjo"]
[Date "2015.02.13"]
[Round "3.21"]
[White "Gummesson, Anton"]
[Black "Svensson, Bo Anders"]
[Result "0-1"]
[WhiteElo "1863"]
[BlackElo "2242"]

1.e4 c5 2.Nf3 e6 3.d4 cxd4 4.Nxd4 Nc6 5.Nc3 Qc7 6.Be2 a6 7.f4 Bc5 8.Nb3 
Ba7 9.e5 Nge7 10.Bf3 O-O 11.Ne4 f6 12.exf6 gxf6 13.Nd6 Nb4 14.c3 Nbd5 15.
Nxc8 Raxc8 16.Qd3 Nxf4 17.Bxf4 Qxf4 18.Nd4 Qe5+ 19.Ne2 d5 20.O-O-O Ng6 21.
g3 b5 22.Kb1 Qd6 23.Be4 f5 24.Bg2 Ne5 25.Qd2 Ng4 26.Nd4 Kh8 27.h3 Nf6 28.
g4 Ne4 29.Qh6 Bxd4 30.Bxe4 Bg7 0-1

[Event "Elite Hotels Open 2015"]
[Site "Elite Stadshotellet, Vaxjo"]
[Date "2015.02.13"]
[Round "3.22"]
[White "Henriksson, Johan"]
[Black "Tomaz, Tainan Pantano"]
[Result "1/2-1/2"]
[WhiteElo "2241"]
[BlackElo "1984"]

1.d4 f5 2.Bg5 Nf6 3.Bxf6 exf6 4.e3 d5 5.c4 Bb4+ 6.Nc3 c6 7.Qb3 Bxc3+ 8.
bxc3 O-O 9.Nh3 g5 10.Be2 f4 11.exf4 g4 12.Ng1 Re8 13.Kf1 b6 14.h3 gxh3 15.
Nxh3 Qd6 16.Qc2 Re7 17.Bd3 Be6 18.cxd5 Bxd5 19.Re1 Nd7 20.Rxe7 Qxe7 21.c4 
Re8 22.Kg1 Be4 23.Kh2 Bxd3 24.Qxd3 Qe4 25.Rd1 Qxd3 26.Rxd3 Re2 27.d5 cxd5 
28.Rxd5 Nc5 29.a3 Kf7 30.g4 Ke7 31.Rh5 Rc2 32.Rxh7+ Ke6 33.f5+ Ke5 34.Re7+
Kd6 35.Rxa7 Rxc4 36.g5 fxg5 37.f6 Ne6 38.f7 Rc8 39.Rb7 g4 40.Rxb6+ Ke7 41.
Rb7+ Kf6 42.Ng1 Ng5 43.Kg3 Nxf7 44.Rb4 Rc3+ 45.Kxg4 Rxa3 46.Rb6+ Ke7 47.f4
Ra2 48.Nf3 Nd6 49.Ne5 Rg2+ 50.Kf3 Rd2 51.Ra6 Nf5 52.Ke4 Ng3+ 53.Ke3 Rb2 
54.Kf3 Nf5 55.Kg4 Ne3+ 56.Kf3 Rb3 57.Ke4 Nc2 58.Ra7+ Kf8 59.Kf5 Nd4+ 60.
Kg5 Rb5 61.Kf6 Rb6+ 62.Kg5 Rb5 63.Ra8+ Ke7 64.Ra7+ Kf8 65.Ra6 Nf3+ 66.Kf6 
Nxe5 67.fxe5 Rb8 68.e6 Ke8 69.Ra7 Rc8 70.Rh7 Kd8 71.Rh8+ Kc7 72.Rxc8+ Kxc8
1/2-1/2

[Event "Elite Hotels Open 2015"]
[Site "Elite Stadshotellet, Vaxjo"]
[Date "2015.02.13"]
[Round "3.23"]
[White "Lekander, Rolf"]
[Black "Danielsson, Fredrik"]
[Result "1-0"]
[WhiteElo "2231"]
[BlackElo "1993"]

1.c4 Nf6 2.g3 g6 3.Bg2 d5 4.cxd5 Nxd5 5.Nc3 Nb6 6.d3 Bg7 7.Be3 O-O 8.Qd2 
Re8 9.Bh6 Bh8 10.h4 Nc6 11.h5 e5 12.hxg6 hxg6 13.Bg5 f6 14.Be3 Bg7 15.Nf3 
Be6 16.Ne4 Nd7 17.d4 exd4 18.Nxd4 Nxd4 19.Bxd4 Ne5 20.Qc3 Bd5 21.O-O-O f5 
22.f4 Bxe4 23.Bxe4 fxe4 24.Bxe5 Qe7 25.Bxg7 Qxg7 26.Qc4+ Kf8 27.Rd4 b5 28.
Qc5+ 1-0

[Event "Elite Hotels Open 2015"]
[Site "Elite Stadshotellet, Vaxjo"]
[Date "2015.02.13"]
[Round "3.24"]
[White "Lindh, Fredrik"]
[Black "Johansson, Roland"]
[Result "0-1"]
[WhiteElo "2219"]
[BlackElo "1963"]

1.e4 c5 2.Nf3 Nc6 3.d4 cxd4 4.Nxd4 e5 5.Nb5 a6 6.Nd6+ Bxd6 7.Qxd6 Qf6 8.
Qd1 Qg6 9.Nc3 d5 10.Nxd5 Qxe4+ 11.Be3 Nd4 12.Nc7+ Ke7 13.Rc1 Bg4 14.Qd3 
Qxd3 15.Bxd3 Rd8 16.h3 Bc8 17.c4 Nf6 18.Bg5 Be6 19.Nxe6 Kxe6 20.Bxf6 Kxf6 
21.Be4 Rd7 22.Rd1 Rhd8 23.Rd3 Ke7 24.Kd2 f5 25.Bd5 Ne6 26.Re1 Kf6 27.Rde3 
e4 28.Kc3 Nf4 29.Rd1 Nxg2 30.Rg3 Nf4 0-1

[Event "Elite Hotels Open 2015"]
[Site "Elite Stadshotellet, Vaxjo"]
[Date "2015.02.13"]
[Round "3.25"]
[White "Ask, Josef"]
[Black "Larsson, Per-Olov"]
[Result "1-0"]
[WhiteElo "2174"]
[BlackElo "1969"]

1.e4 c5 2.d3 d5 3.Nd2 Nc6 4.Ngf3 g6 5.g3 Bg7 6.Bg2 e6 7.O-O Nge7 8.Re1 Qc7
9.h4 h5 10.c3 b6 11.Qe2 O-O 12.Nf1 d4 13.e5 Bb7 14.c4 Nf5 15.Bf4 a6 16.
Rac1 Bh6 17.Bxh6 Nxh6 18.N1d2 Ne7 19.Ne4 Bxe4 20.Qxe4 Rab8 21.Ng5 Nef5 22.
Qf4 b5 23.cxb5 axb5 24.b3 Rb6 25.Ne4 Qa7 26.Nxc5 Rc8 27.Re2 Qa3 28.Rec2 
Kg7 29.Bf3 Rd8 30.Qg5 Rbb8 31.Ne4 Qe7 32.Nf6 Kh8 33.Rc7 Qb4 34.Nd7 1-0

[Event "Elite Hotels Open 2015"]
[Site "Elite Stadshotellet, Vaxjo"]
[Date "2015.02.13"]
[Round "3.26"]
[White "Brynell, Stellan"]
[Black "Karlsson, Roger"]
[Result "1-0"]
[WhiteElo "2452"]
[BlackElo "1921"]

1.e4 c6 2.d4 d5 3.exd5 cxd5 4.c4 Nf6 5.Nc3 dxc4 6.Bxc4 e6 7.Nf3 Nc6 8.O-O 
Be7 9.a3 a6 10.Ba2 O-O 11.Bg5 h6 12.Be3 b5 13.Qd3 b4 14.Na4 Bb7 15.Rfd1 
Qa5 16.Nc5 Bxc5 17.dxc5 Rfd8 18.Qe2 Qc7 19.h3 a5 20.Bc4 Rxd1+ 21.Rxd1 Rd8 
22.Rxd8+ Qxd8 23.axb4 Nxb4 24.Ne5 Nfd5 25.Bd2 Qc7 26.Bxb4 axb4 27.Bxd5 
Bxd5 28.Qe3 b3 29.f3 Qa7 30.Qc3 f6 31.Nd3 Kf7 32.Kf2 Bc6 33.Qxb3 Qa5 34.
Qb4 Qa6 35.Qd4 Qa5 36.Nb4 Qb5 37.Nxc6 Qxc6 38.Qc4 Ke7 39.b4 Qa4 40.c6 Qa7+
41.Ke2 Qc7 42.Qc5+ Kf7 43.b5 Qa5 44.c7 Qa2+ 45.Ke3 Qb3+ 46.Kf2 Qc2+ 47.
Qxc2 1-0

[Event "Elite Hotels Open 2015"]
[Site "Elite Stadshotellet, Vaxjo"]
[Date "2015.02.13"]
[Round "3.27"]
[White "Lindstrom, Andreas"]
[Black "Akesson, Ralf"]
[Result "0-1"]
[WhiteElo "1932"]
[BlackElo "2451"]

1.d4 Nf6 2.Nf3 g6 3.c4 Bg7 4.g3 O-O 5.Bg2 d5 6.O-O dxc4 7.Na3 c3 8.bxc3 c5
9.Re1 Nc6 10.e4 Bg4 11.Nc2 Qa5 12.Bb2 Rfd8 13.h3 Bxf3 14.Qxf3 Qa4 15.e5 
Qxc2 16.exf6 Bxf6 17.Re2 Qa4 18.Re4 Qb5 19.Ba3 cxd4 20.cxd4 Nxd4 21.Rxd4 
Rxd4 22.Qxb7 Qxb7 23.Bxb7 Rb8 24.Rb1 Rd7 0-1